The complete reference Exchange 2000 server (0 07 212739 2)

Shranjeno v:
Bibliografske podrobnosti
Glavni avtor: SCOTT SCHNOLL
Format: Knjiga
Jezik:Undetermined
Izdano: McGraw-Hill 2001
Oznake: Označite
Brez oznak, prvi označite!
Thư viện lưu trữ: Trung tâm Học liệu Trường Đại học Cần Thơ
LEADER 00447nam a2200145Ia 4500
001 CTU_49545
008 210402s9999 xx 000 0 und d
082 |a 005.71369 
082 |b S362 
100 |a SCOTT SCHNOLL 
245 4 |a The complete reference Exchange 2000 server (0 07 212739 2) 
245 0 |c SCOTT SCHNOLL, Bill English, Nick Cavalancia 
260 |b McGraw-Hill 
260 |c 2001 
980 |a Trung tâm Học liệu Trường Đại học Cần Thơ